000 01389nam a2200229Ia 4500
003 Ost
005 20260507075055.0
008 260507s9999||||xx |||||||||||||| ||und||
020 _a6329327977
040 _cfsecg
041 _aara
082 _a379.62
100 _aالمتبولي، صلاح الدين
_eمؤلف
245 0 _aالتعليم والقروض الأجنبية /
_c صلاح الدين المتبولي
260 _aالإسكندرية:
_bدار الوفاء,
_c2003
300 _a319 صفحة؛
_bإيضاحات ؛
_c24 سم
490 _aقضايا تربوية
504 _aبيبليوغرافيا ص.289 ؛الملاحق ص.299 ملخص البحث ص.307
520 _aمشكلة تالبحث وأهمية دراستها،مصادر التمويل الأجنبي للتعليم المصري،المعونة الأمريكية لقطاع التعليم المصري،نماذج للقروض والمعونات الأجنبية الموجهة إلى قطاع التعليم المصري على المستوى الثنائي والمتعدد الأطراف متمثلا في قروض(البنك الدولي وبنك التنمية الأفريقي وبعض الهيئات التابعة للأمم المتحدة،الدراسة الميدانية(إجراءاتها-نتائجها-تحليلها)
653 _aالتعليم-مصر
942 _cكتاب
999 _c42733
_d42733